00458 2200169 4500001002100000005001500021035002000036245005100056100002000107250001700127300003100144260003600175082001000211084001700221020002200238650002800260INLIS00000000000058920240822093245 a0010-08240001071 aPariwisata :bPelengkap IPS /cDrs. Ali Basjar0 aDrs. Ali Basjar acetakan ke-3 ax, 60 hlm :bIlus ;c21 cm aJakarta :bBalai Pustaka,c2007 a353.7 a353.7 DRS p a978-979-666-271-X 4aIlmu Pengetahuan Sosial